Friedrich Wilhelm Joseph Schelling

Saved in:
Bibliografiske detaljer
Hovedforfatter: Sandkühler, Hans Jörg (Author)
Format: Bog
Sprog:tysk
Udgivet: Stuttgart J. B. Metzlersche 1970
Serier:Sammlung Metzler, 1682
Fag:
Tags: Tilføj Tag
Ingen Tags, Vær først til at tagge denne postø!

MARC

LEADER 00000nam a2200000 a 4500
001 UCZ2764
003 CL-VaPUC
008 951006e19700000GW |||||||||||||||||ger|d
082 0 4 |a 141  |b SAN  |2 21 
100 0 |a Sandkühler, Hans Jörg  |e author  |9 346517 
245 1 0 |a Friedrich Wilhelm Joseph Schelling 
300 |a 108 p 
942 |c BK 
945 |d 19951006 00:00:00  |a lriquelm 
260 |a Stuttgart  |b J. B. Metzlersche  |c 1970 
600 0 |a Schelling, Friedrich Wilhelm Joseph  |9 268686 
650 0 |a Filosofía alemana   |9 265002 
650 0 |a Filosofía del espíritu  |9 320175 
650 0 |a Idealismo  |9 265685 
650 7 |a PANTEISMO  |2 CL-VaPUC  |9 338863 
583 |a last modification  |c 19951006 00:00:00  |k Rodrigo Vera 
490 0 |a Sammlung Metzler, 1682 
999 |c 239319  |d 239317 
952 |0 0  |1 0  |4 0  |6 141_000000000000000_SAN_1970  |7 0  |8 P  |9 250378  |a BIBEDU  |b BIBEDU  |c BIBEDU_PB  |d 2019-11-18  |i 1581686  |o 141 SAN 1970  |p 1581686  |r 2024-01-25  |w 2019-11-18  |y BK  |k FIL